Normal view
MARC view
- A. D. Usama Bin Najam
Entry Personal Name
001 - CONTROL NUMBER
- control field: 93078
003 - CONTROL NUMBER IDENTIFIER
- control field: NUST
005 - DATE AND TIME OF LATEST TRANSACTION
- control field: 20220705190212.0
008 - FIXED-LENGTH DATA ELEMENTS
- fixed length control field: 220705|| aca||aabn | a|a d
040 ## - CATALOGING SOURCE
- Original cataloging agency: NUST
- Transcribing agency: NUST
100 ## - HEADING--PERSONAL NAME
- Personal name: A. D. Usama Bin Najam
670 ## - SOURCE DATA FOUND
- Source citation: Work cat.: (NUST)9198: A. D. Usama Bin Najam, Design and Simulation of Multi-User Detection in DS-CDMA Communication Systems, 2007.
